000 00468nam a22001697a 4500
003 OSt
005 20180220160101.0
008 130214t xxu||||| |||| 00| 0 eng d
020 _a971111089X
050 _aHD 7125
_b.D486 1992
100 _aDeutsch, David
_922809
245 _aTo Protect and improve Social security make every voice count
_cDeutsch, David
260 _aUSA
_bDogwood Press
_c1992
300 _a109 p. :
_c19 cm.
942 _2lcc
_cBK
999 _c35882
_d35882